Oasis: Albums by Cover - Statistics

General Stats
  • This quiz has been taken 182 times
  • The average score is 5 of 7
Answer Stats
Picture Hint Answer % Correct
1995 (What's the Story) Morning Glory?
99%
1994 Definitely Maybe
93%
1997 Be Here Now
81%
2002 Heathen Chemistry
61%
2008 Dig Out Your Soul
56%
2000 Standing on the Shoulder of Giants
55%
2005 Don't Believe the Truth
51%
No matching quizzes found
Score Distribution
Percent of People with Each Score
Percentile by Number Answered
Your Score History
You have not taken this quiz